[Event "Morava-ch U16"]
[Site "Loucna nad Desnou"]
[Date "2017.10.27"]
[Round "6"]
[White "Halamicek, Radek"]
[Black "Ivanov, Mikhail6"]
[Result "0-1"]
[WhiteElo "1658"]
[BlackElo "1263"]
[PlyCount "70"]
[EventDate "2017.10.24"]
[EventType "swiss"]
[EventRounds "9"]
[EventCountry "CZE"]
[SourceTitle "EXT 2020"]
[Source "ChessBase"]
[SourceDate "2019.10.17"]
[SourceVersion "1"]
[SourceVersionDate "2019.10.17"]
[SourceQuality "1"]

1. e4 c5 2. Nf3 d6 3. d4 cxd4 4. Nxd4 Nf6 5. Nc3 Nc6 6. Bc4 Qb6 7. Nxc6 bxc6 8. Bb3 e6 9. Be3 Qc7 10. f3 Be7 11. Qd2 Bd7 12. 0-0-0 a5 13. a3 0-0 14. h4 Rfb8 15. g4 Qb7 16. a4 c5 17. g5 c4 18. gxf6 Bxf6 19. Bd4 Bxd4 20. Qxd4 cxb3 21. Rhg1 e5 22. Qd2 bxc2 23. Qxc2 Rc8 24. Rxd6 Rab8 25. Rd5 Bxa4 26. Qd2 Qb6 27. Rg2 Bb3 28. Rxe5 a4 29. Kb1 a3 30. Nd5 Bc2+ 31. Qxc2 Rxc2 32. Rxc2 Qg1+ 33. Ka2 axb2 34. Rxb2 Rxb2+ 35. Kxb2 Qd4+ 0-1

[Event "CZE-ch U12"]
[Site "Kouty nad Desnou"]
[Date "2015.03.11"]
[Round "6"]
[White "Glozar, Petr"]
[Black "Halamicek, Radek"]
[Result "1-0"]
[WhiteElo "1718"]
[BlackElo "1548"]
[PlyCount "39"]
[EventDate "2015.03.07"]
[EventType "swiss"]
[EventRounds "9"]
[EventCountry "CZE"]
[SourceTitle "EXT 2017"]
[Source "ChessBase"]
[SourceDate "2016.10.25"]
[SourceVersion "1"]
[SourceVersionDate "2016.10.25"]
[SourceQuality "1"]

1. e4 c5 2. Nf3 e6 3. c4 Nc6 4. Nc3 g6 5. d4 cxd4 6. Nxd4 Bg7 7. Ndb5 a6 8. Nd6+ Ke7 9. f4 Qc7 10. c5 Nd4 11. Na4 f5 12. e5 Nc6 13. Nb6 Rb8 14. Ndxc8+ Rxc8 15. Qd6+ Qxd6 16. Nxc8+ Kd8 17. Nxd6 Ke7 18. Nxb7 Nh6 19. Nd6 Nf7 20. Bd2 1-0

[Event "CZE-ch U12"]
[Site "Kouty nad Desnou"]
[Date "2015.03.08"]
[Round "2"]
[White "Kopec, Ladislav"]
[Black "Halamicek, Radek"]
[Result "1-0"]
[WhiteElo "1450"]
[BlackElo "1548"]
[PlyCount "100"]
[EventDate "2015.03.07"]
[EventType "swiss"]
[EventRounds "9"]
[EventCountry "CZE"]
[SourceTitle "EXT 2017"]
[Source "ChessBase"]
[SourceDate "2016.10.25"]
[SourceVersion "1"]
[SourceVersionDate "2016.10.25"]
[SourceQuality "1"]

1. e4 c5 2. Nf3 e6 3. d4 cxd4 4. Nxd4 Nf6 5. Nc3 Nc6 6. Ndb5 Bc5 7. Bf4 0-0 8. Bc7 Qe7 9. Bd6 Bxd6 10. Qxd6 Qd8 11. Nc7 Rb8 12. f3 Ne8 13. Nxe8 Rxe8 14. 0-0-0 Qb6 15. h4 Qb4 16. h5 Qxd6 17. Rxd6 a6 18. a4 Rd8 19. Bc4 Ne5 20. Be2 f6 21. Rhd1 Nf7 22. Rb6 d6 23. Bxa6 Rd7 24. Bb5 Rc7 25. Be8 Bd7 26. Bxf7+ Kxf7 27. Rbxd6 Bc6 28. b3 Rbc8 29. Rd8 Rxd8 30. Rxd8 Rd7 31. Rxd7+ Bxd7 32. Kd2 Ke7 33. Kd3 Kd6 34. Kd4 g6 35. hxg6 hxg6 36. Nb5+ Bxb5 37. axb5 b6 38. b4 g5 39. e5+ fxe5+ 40. Ke4 Kd7 41. Kxe5 Ke7 42. c4 g4 43. fxg4 Kd7 44. c5 bxc5 45. bxc5 Ke7 46. c6 Kf7 47. c7 Kg6 48. c8Q Kg5 49. Qg8+ Kh6 50. Kf6 e5 1-0

[Event "CZE-chT U20 Extraliga Ost 1415"]
[Site "Czech Republic"]
[Date "2014.10.11"]
[Round "1.6"]
[White "Feltl, Patrik"]
[Black "Halamicek, Radek"]
[Result "1-0"]
[WhiteElo "1529"]
[BlackElo "1562"]
[PlyCount "97"]
[EventDate "2014.10.11"]
[EventType "team-tourn"]
[EventRounds "11"]
[EventCountry "CZE"]
[SourceTitle "EXT 2021"]
[Source "ChessBase"]
[SourceDate "2020.10.23"]
[SourceVersion "1"]
[SourceVersionDate "2020.10.23"]
[SourceQuality "1"]
[WhiteTeam "Policka Stefanydes (U20)"]
[BlackTeam "Frydek Mistek (U20)"]
[WhiteTeamCountry "CZE"]
[BlackTeamCountry "CZE"]

1. d4 c5 2. d5 e5 3. c4 d6 4. e4 g6 5. Nc3 Bg7 6. Bd3 Ne7 7. Bg5 h6 8. Be3 0-0 9. Qd2 g5 10. Nge2 f5 11. f3 f4 12. Bf2 a6 13. 0-0-0 Nd7 14. h4 Ng6 15. hxg5 hxg5 16. Rh2 Nf6 17. g4 Bd7 18. Rdh1 Qa5 19. a3 b5 20. Na2 b4 21. Kb1 Rab8 22. Be1 Qb6 23. axb4 cxb4 24. Nxb4 Rb7 25. Na2 Rfb8 26. Nec3 a5 27. Nb5 Bxb5 28. cxb5 a4 29. Bf2 Qc7 30. Rc1 Qd7 31. Qc2 Ne7 32. Qxa4 Qd8 33. Bg1 Ra8 34. Qb4 Ra5 35. Rhc2 Qa8 36. Qb3 Bf8 37. Rc7 Ne8 38. Rxb7 Qxb7 39. b6 Ra8 40. Nb4 Rb8 41. Bb5 Rd8 42. Bxe8 Rxe8 43. Rc7 Qb8 44. Na6 Qa8 45. Ra7 Qd8 46. b7 Qa5 47. Qb4 Qd8 48. b8Q Qxb8 49. Nxb8 1-0

[Event "CZE-ch U12"]
[Site "Kouty nad Desnou"]
[Date "2014.03.09"]
[Round "2"]
[White "Martirosyan, Ara"]
[Black "Halamicek, Radek"]
[Result "1/2-1/2"]
[WhiteElo "1659"]
[BlackElo "1491"]
[PlyCount "65"]
[EventDate "2014.03.08"]
[EventType "swiss"]
[EventRounds "9"]
[EventCountry "CZE"]
[SourceTitle "EXT 2015"]
[Source "ChessBase"]
[SourceDate "2014.11.20"]
[SourceVersion "1"]
[SourceVersionDate "2014.11.20"]
[SourceQuality "1"]

1. e4 c5 2. d3 e6 3. Nf3 d5 4. exd5 exd5 5. Qe2+ Qe7 6. Nc3 Nf6 7. Bg5 Qxe2+ 8. Bxe2 Be6 9. 0-0 Nc6 10. Rfe1 Be7 11. Nb5 0-0 12. d4 a6 13. Nc7 Rac8 14. Nxe6 fxe6 15. dxc5 Bxc5 16. Bxf6 Rxf6 17. c3 Rcf8 18. Bd3 e5 19. c4 e4 20. cxd5 exf3 21. dxc6 fxg2 22. Kxg2 Rxf2+ 23. Kh1 bxc6 24. Rf1 Rxb2 25. Bc4+ Kh8 26. Rxf8+ Bxf8 27. Rf1 Bc5 28. Rd1 g6 29. Bxa6 Rxa2 30. Bb7 Rc2 31. Bxc6 Be3 32. Ba4 Rc1 33. Kg2 1/2-1/2

[Event "EU Union-ch U10"]
[Site "Malenovice"]
[Date "2013.09.04"]
[Round "8"]
[White "Ginovart, Camille"]
[Black "Halamicek, Radek"]
[Result "1-0"]
[WhiteElo "1536"]
[BlackElo "1391"]
[PlyCount "41"]
[EventDate "2013.08.28"]
[EventType "swiss"]
[EventRounds "9"]
[EventCountry "CZE"]
[SourceTitle "CBM 156 Extra"]
[Source "ChessBase"]
[SourceDate "2013.10.22"]
[SourceVersion "1"]
[SourceVersionDate "2013.10.22"]
[SourceQuality "1"]

1. d4 Nf6 2. f3 d5 3. e4 dxe4 4. Nc3 e6 5. fxe4 Bb4 6. Qd3 Nc6 7. Nf3 Bxc3+ 8. bxc3 0-0 9. Bg5 h6 10. Bh4 Qd7 11. Bxf6 gxf6 12. Nh4 e5 13. d5 Ne7 14. Be2 f5 15. Qg3+ Ng6 16. exf5 Qxd5 17. fxg6 Qe4 18. gxf7+ Kxf7 19. 0-0+ Ke8 20. Bh5+ Ke7 21. Qg7+ 1-0

[Event "CZE-ch U10"]
[Site "Kouty nad Desnou"]
[Date "2013.03.12"]
[Round "4"]
[White "Zavadil, Matyas"]
[Black "Halamicek, Radek"]
[Result "1/2-1/2"]
[WhiteElo "1100"]
[BlackElo "1347"]
[PlyCount "61"]
[EventDate "2013.03.09"]
[EventType "swiss"]
[EventRounds "9"]
[EventCountry "CZE"]
[SourceTitle "EXT 2015"]
[Source "ChessBase"]
[SourceDate "2014.11.20"]
[SourceVersion "1"]
[SourceVersionDate "2014.11.20"]
[SourceQuality "1"]

1. e4 d5 2. exd5 Nf6 3. d4 Bg4 4. Be2 Bxe2 5. Nxe2 Qxd5 6. 0-0 Nc6 7. Nbc3 Qd7 8. Be3 e6 9. Na4 0-0-0 10. c3 Bd6 11. Nc5 Bxc5 12. dxc5 Qxd1 13. Raxd1 Rxd1 14. Rxd1 Nd5 15. Bd4 f6 16. c4 Nde7 17. Rd3 Rd8 18. Rd2 Nxd4 19. Rxd4 Rxd4 20. Nxd4 e5 21. Nf3 Kd7 22. Kf1 Kc6 23. b4 Kd7 24. Ke2 Ke6 25. Nd2 Nc6 26. b5 Nd4+ 27. Ke3 a6 28. a4 c6 29. b6 Nc2+ 30. Ke4 Ne1 31. g3 1/2-1/2

[Event "CZE-ch U10"]
[Site "Kouty nad Desnou"]
[Date "2012.03.12"]
[Round "4"]
[White "Haase, Pavel"]
[Black "Halamicek, Radek"]
[Result "1-0"]
[WhiteElo "1538"]
[BlackElo "1250"]
[PlyCount "77"]
[EventDate "2012.03.10"]
[EventType "swiss"]
[EventRounds "9"]
[EventCountry "CZE"]
[SourceTitle "EXT 2013"]
[Source "ChessBase"]
[SourceDate "2012.11.22"]
[SourceVersion "1"]
[SourceVersionDate "2012.11.22"]
[SourceQuality "1"]

1. Nf3 d5 2. c4 c6 3. e3 Bg4 4. Nc3 e6 5. h3 Bh5 6. b3 f5 7. d4 Nf6 8. Be2 Bd6 9. 0-0 0-0 10. Bb2 Nbd7 11. cxd5 cxd5 12. Nb5 Bb8 13. Ba3 Re8 14. Nd6 Bxf3 15. Nxe8 Bxe2 16. Nxf6+ Nxf6 17. Qxe2 Qc7 18. f4 g5 19. Rac1 Qg7 20. Rc8+ Kf7 21. Rf8+ Kg6 22. g4 Ne4 23. gxf5+ exf5 24. Qg2 h6 25. fxg5 hxg5 26. R1xf5 Ng3 27. R5f7 Qxf7 28. Rxf7 Kxf7 29. Qxd5+ Kf6 30. Qxb7 Ne2+ 31. Kf2 Bg3+ 32. Kxe2 Rb8 33. Qe7+ Kg6 34. Kf3 Rh8 35. Kxg3 Rg8 36. Kg4 Kh6 37. Qf6+ Kh7 38. Kh5 Rg7 39. Bf8 1-0